| 000 | 01135cam a2200301 i 4500 | ||
|---|---|---|---|
| 001 | 768714001 | ||
| 003 | CO-MdFUSB | ||
| 005 | 20240622085610.0 | ||
| 007 | ta | ||
| 008 | 240622t1942 -uk||||| |||| 00| 0 eng d | ||
| 040 | _cCO-MdFUSB | ||
| 041 | _aeng | ||
| 082 | 0 | 4 |
_224 _a234.3 _bR6531r |
| 100 | 1 |
_aRobinson, H. Wheeler _eautor |
|
| 245 | 1 | 0 |
_aRedemption and revelation : _bIn the actuality of history _c/ H. Wheeler Robinson |
| 264 | 1 |
_aLondon : _bNisbet, _c[1942] |
|
| 264 | 4 | _c©1942 | |
| 300 | _a320 páginas | ||
| 336 |
_atexto _btxt _2rdacontent |
||
| 337 |
_2rdamedia _asin mediación _bn |
||
| 338 |
_2rdacarrier _avolumen _bnc |
||
| 500 | _aIncluye índices (p. 313-320) | ||
| 501 | _aPasta dura | ||
| 505 | _aLa validez de la experiencia cristiana - El ministro de error - El simbolismo de lenguaje - La realidad de lo bueno y lo malo - La iniciativa divina - El principio de mediación - El medio físico - Historia y revelación - La revelación cristiana - El redentor - El significado de redención - El sufrimiento redentor - Los redimidos | ||
| 653 | _aSoteriología | ||
| 942 | _cBK | ||
| 945 | _aMiguel | ||
| 999 |
_c45623 _d45623 |
||